|
|
|
|
| LEADER |
01879nam a2200349 a 4500 |
| 001 |
13652829 |
| 003 |
BD-DhAAL |
| 008 |
090720s2005 caua b 001 0 eng d |
| 010 |
|
|
|a 2004015978
|
| 020 |
|
|
|a 0787976342 (alk. paper)
|
| 040 |
|
|
|a DNLM/DLC
|c DLC
|d DLC
|
| 082 |
0 |
0 |
|a 362.1072
|2 22
|
| 100 |
1 |
|
|a Ulin, Priscilla R.
|9 30146
|
| 245 |
1 |
0 |
|a Qualitative methods in public health :
|b a field guide for applied research /
|c Priscilla R. Ulin, Elizabeth T. Robinson, Elizabeth E. Tolley.
|
| 250 |
|
|
|a First edition.
|
| 260 |
|
|
|a San Francisco, CA :
|b Jossey-Bass,
|c c2005.
|
| 300 |
|
|
|a xxii, 318 pages :
|b illustrations ;
|c 28 cm.
|
| 504 |
|
|
|a Includes bibliographical references (p. 287-300) and index.
|
| 505 |
0 |
|
|a Invitation to explore -- The language and logic of qualitative research -- Designing the study -- Collecting qualitative data: the science and the art -- Logistics in the field -- Qualitative data analysis -- Putting it into words: reporting qualitative research results -- Disseminating qualitative research.
|
| 526 |
|
|
|x Salim khan
Sr. program Associate
James P. Grant School.
Course name and no. N/A
|
| 541 |
1 |
|
|a A H Development publishing house
|e 00018494
|
| 650 |
|
0 |
|a Public health
|x Research
|x Methodology.
|9 30147
|
| 650 |
|
0 |
|a Qualitative research.
|9 30148
|
| 650 |
1 |
2 |
|a Public Health.
|9 30149
|
| 650 |
1 |
2 |
|a Qualitative Research.
|9 30150
|
| 650 |
2 |
2 |
|a Research Design.
|9 30151
|
| 700 |
1 |
|
|a Robinson, Elizabeth T.
|9 30152
|
| 700 |
1 |
|
|a Tolley, Elizabeth E.
|9 30153
|
| 852 |
4 |
|
|a School of Public Health
|j General Shelf.
|
| 942 |
|
|
|2 ddc
|c BK
|
| 999 |
|
|
|c 2570
|d 2570
|
| 952 |
|
|
|0 0
|1 0
|2 ddc
|4 0
|6 362_107200000000000_ULI
|7 0
|9 2341
|a JPGSPH
|b JPGSPH
|d 2009-04-29
|e A H Development Publishing House.
|g 4200.00
|l 0
|o 362.1072 ULI
|p 3060018494
|r 2009-07-21
|t 1
|w 2009-07-21
|y BK
|x Requisitioned by Salim khan, Sr. program Associate, James P. Grant School. Course name and no. N/A
|